| 000 | 01042nam a22002177a 4500 | ||
|---|---|---|---|
| 003 | OSt | ||
| 005 | 20260123084558.0 | ||
| 008 | 230620b ||||| |||| 00| 0 eng d | ||
| 040 | _cSSBUL | ||
| 041 | _ashan | ||
| 082 |
_223 _a294.3092 |
||
| 100 | 0 |
_aပၺ်ႇၺႃႇၼၼ်ႇတ၊ _cၸဝ်ႈသြႃႇလူင်၊ Dr.၊ တူၼ်ၶူးၸဝ်ႈလဵဝ် ပဵၼ်သၢမ်ထႅၼ်ႈ။ _926383 |
|
| 245 | 1 | 0 |
_aတူဝ်ထူပ်းလႄႈ တၢင်းႁၼ်ထိုင် ၵႆၸမ် / _cၸဝ်ႈသြႃႇလူင် Dr. ပၺ်ႇၺႃႇၼၼ်ႇတ တူၼ်ၶူးၸဝ်ႈလဵဝ် ပဵၼ်သၢမ်ထႅၼ်ႈ။ |
| 260 | _c2015 ။ | ||
| 300 |
_aiv, 153 ၼႃႈ၊ _bပႃးႁၢင်ႈ(သီ)၊ _c21 ၸိၼ်ႇတီႇ။ |
||
| 500 | _aS-SAT: Dr. Prof Sai Aung Tun | ||
| 650 |
_aထေႇရုပ်ႉပတ်ႉတိ၊ ပိုၼ်းၵႅပ်ႈ _926384 |
||
| 942 | _cBK | ||
| 942 | _2ddc | ||
| 942 | _2ddc | ||
| 999 |
_c26043 _d26043 |
||